Dilucidationes Aesopiae / (Record no. 165768)

MARC details
000 -LEADER
campo de control de longitud fija 00710nam a22001815i 4500
001 - NÚMERO DE CONTROL
campo de control 165768
003 - IDENTIFICADOR DE NÚMERO DE CONTROL
campo de control ES-MaACL
005 - FECHA Y HORA DE LA ÚLTIMA TRANSACCIÓN
campo de control 20250817113849.0
008 - DATOS DE LONGITUD FIJA--INFORMACIÓN GENERAL
campo de control de longitud fija 050906s1894 pl | |||||||| ||lat d
040 ## - FUENTE DE CATALOGACIÓN
Centro catalogador/agencia de origen CAM
Lengua de catalogación spa
Centro/agencia transcriptor CAM
100 1# - ENTRADA PRINCIPAL--NOMBRE DE PERSONA
Nombre de persona Sternbach, Leo.
9 (RLIN) 108132
245 10 - MENCIÓN DEL TÍTULO
Título Dilucidationes Aesopiae /
Mención de responsabilidad, etc. scripsit Leo Sternbach.
260 ## - PUBLICACIÓN, DISTRIBUCIÓN, ETC.
Lugar de publicación, distribución, etc. Cracoviae :
Nombre del editor, distribuidor, etc. sumptibus Academiae Litterarum :
-- apud Bibliopolam Societatis Librariae Polonicae,
Fecha de publicación, distribución, etc. 1894 (
Fabricante Typis Universitatis Iagellonicae, provisore A.M. Kosterkiewick)
300 ## - DESCRIPCIÓN FÍSICA
Extensión 50 p. ;
Dimensiones 26 cm.
600 04 - PUNTO DE ACCESO ADICIONAL DE MATERIA--NOMBRE DE PERSONA
Nombre de persona Esopo
9 (RLIN) 47736
852 ## - LOCALIZACIÓN
Ubicación ES-MaACL
Número de control de estantería T-838-F-4
Nota libre -- Enc. hol. conservando la cub. original
-- -- Enc. en un vol. facticio
Holdings
Estatus retirado Estado de pérdida Estado de daño No para préstamo Colección Biblioteca de origen Biblioteca actual Ubicación en estantería Fecha de adquisición Total de préstamos Signatura topográfica completa Código de barras Visto por última vez Precio de reemplazo Tipo de ítem Koha
        Colección de folletos Biblioteca del Ateneo de Madrid Biblioteca del Ateneo de Madrid Depósito folletos 17/01/2008   T-838-F-4 1173846 23/02/2023 23/02/2023 Folleto